[Event "BEL-chT 1415"]
[Site "Belgium"]
[Date "2015.03.22"]
[Round "11.7"]
[White "Vanheirzeele, Daniel"]
[Black "Alessi, David"]
[Result "1-0"]
[WhiteElo "2091"]
[BlackElo "1831"]
[PlyCount "61"]
[EventDate "2014.09.28"]
[EventType "team-swiss"]
[EventRounds "11"]
[EventCountry "BEL"]
[SourceTitle "EXT 2016"]
[Source "ChessBase"]
[SourceDate "2015.10.08"]
[SourceVersion "1"]
[SourceVersionDate "2015.10.08"]
[SourceQuality "1"]
[WhiteTeam "KGSRL"]
[BlackTeam "Liege Crelel"]
[WhiteTeamCountry "BEL"]
[BlackTeamCountry "BEL"]

1. d4 e6 2. g3 d5 3. c4 Bb4+ 4. Bd2 c5 5. Nf3 Nc6 6. cxd5 exd5 7. Bg2 Nf6 8. 0-0 0-0 9. dxc5 Bxc5 10. Bg5 Be6 11. Nc3 Be7 12. Nd4 Bg4 13. h3 Bd7 14. Rc1 Qb6 15. Nb3 d4 16. Na4 Qb5 17. Nac5 Rfd8 18. a4 Qb6 19. a5 Qb5 20. a6 Bxc5 21. Nxc5 Bxh3 22. axb7 Bxg2 23. bxa8Q Rxa8 24. Kxg2 Qxb2 25. Bxf6 gxf6 26. Qd3 Ne5 27. Qe4 Rd8 28. Nd3 Nxd3 29. exd3 a5 30. Rh1 Rd6 31. Rc8+ 1-0

[Event "Liege Soultanbeieff op"]
[Site "Liege"]
[Date "2012.03.16"]
[Round "6"]
[White "Alessi, David"]
[Black "Lecoq, Eric"]
[Result "1/2-1/2"]
[WhiteElo "1846"]
[BlackElo "1852"]
[PlyCount "50"]
[EventDate "2012.01.27"]
[EventType "swiss"]
[EventRounds "9"]
[EventCountry "BEL"]
[SourceTitle "EXT 2013"]
[Source "ChessBase"]
[SourceDate "2012.11.22"]
[SourceVersion "1"]
[SourceVersionDate "2012.11.22"]
[SourceQuality "1"]

1. e4 c5 2. d4 cxd4 3. c3 d3 4. Bxd3 Nc6 5. Ne2 Nf6 6. 0-0 d6 7. Bg5 e5 8. Na3 Be7 9. Nc2 0-0 10. Ne3 Ne8 11. Bxe7 Nxe7 12. Bc4 Be6 13. Bxe6 fxe6 14. Qb3 Qd7 15. Rfd1 Rd8 16. Rd2 d5 17. exd5 exd5 18. Rad1 Nf6 19. Nxd5 Nexd5 20. c4 Qf7 21. cxd5 Ne4 22. Rc2 Qxf2+ 23. Kh1 Qf7 24. Kg1 Qf2+ 25. Kh1 Qf7 1/2-1/2

[Event "BEL-chT 0910"]
[Site "Belgium"]
[Date "2010.03.07"]
[Round "10"]
[White "Bikady, Claude"]
[Black "Alessi, David"]
[Result "1-0"]
[WhiteElo "2040"]
[BlackElo "1697"]
[PlyCount "65"]
[EventDate "2009.09.27"]
[EventType "team-tourn"]
[EventRounds "11"]
[EventCountry "BEL"]
[SourceTitle "EXT 2011"]
[Source "ChessBase"]
[SourceDate "2010.11.26"]
[SourceVersion "1"]
[SourceVersionDate "2010.11.26"]
[SourceQuality "1"]
[WhiteTeam "Amay"]
[BlackTeam "Liege Crelel"]
[WhiteTeamCountry "BEL"]
[BlackTeamCountry "BEL"]

1. e4 e5 2. Nf3 d6 3. Nc3 c6 4. d4 exd4 5. Nxd4 g6 6. Be3 Bg7 7. Qd2 Ne7 8. 0-0-0 0-0 9. h4 h5 10. Be2 d5 11. Bg5 Re8 12. exd5 cxd5 13. Bf3 Nbc6 14. Nb3 d4 15. Nd5 Qd6 16. Nxe7+ Nxe7 17. Rhe1 Be6 18. Bxb7 Rad8 19. Qd3 Rd7 20. Qa6 Rb8 21. Qxd6 Rxd6 22. Bf4 Bh6 23. Bxh6 Rxb7 24. Rxd4 Rxd4 25. Nxd4 Bd5 26. f3 Nc6 27. Nxc6 Bxc6 28. Bg5 Kg7 29. Re7 Kf8 30. Rxb7 Bxb7 31. c4 Ke8 32. Kc2 Kd7 33. Kc3 1-0

[Event "BEL-chT 0910"]
[Site "Belgium"]
[Date "2010.01.10"]
[Round "6"]
[White "Romanelli, Robert"]
[Black "Alessi, David"]
[Result "1/2-1/2"]
[WhiteElo "1963"]
[BlackElo "1743"]
[PlyCount "36"]
[EventDate "2009.09.27"]
[EventType "team-tourn"]
[EventRounds "11"]
[EventCountry "BEL"]
[SourceTitle "EXT 2011"]
[Source "ChessBase"]
[SourceDate "2010.11.26"]
[SourceVersion "1"]
[SourceVersionDate "2010.11.26"]
[SourceQuality "1"]
[WhiteTeam "Charleroi CREC"]
[BlackTeam "Liege Crelel"]
[WhiteTeamCountry "BEL"]
[BlackTeamCountry "BEL"]

1. e4 e5 2. Nf3 d6 3. d4 exd4 4. Nxd4 g6 5. Be3 Bg7 6. Nc3 Nf6 7. f3 0-0 8. Qd2 Re8 9. 0-0-0 Nc6 10. Be2 Nxd4 11. Bxd4 Be6 12. Kb1 c6 13. g4 c5 14. Be3 Qa5 15. Nd5 Qd8 16. Nf4 Qb6 17. Qxd6 Nxg4 18. Qxb6 axb6 1/2-1/2